Statistics for Roger Federer - Grand Slam finals (tennis)

Click here to take the quiz!

General Stats

  • This quiz has been taken 4,753 times
    (3,400 since last reset)
  • The average score is 26 of 31

Answer Stats

TournamentResultOpponent% Correct
Wimbledon 2019LostNovak Djokovic
100%
Roland Garros 2007LostRafael Nadal
100%
Australian Open 2017WonRafael Nadal
100%
Roland Garros 2011LostRafael Nadal
100%
Australian Open 2009LostRafael Nadal
100%
Roland Garros 2008LostRafael Nadal
100%
Wimbledon 2007WonRafael Nadal
100%
Wimbledon 2008LostRafael Nadal
100%
Wimbledon 2006WonRafael Nadal
100%
Roland Garros 2006LostRafael Nadal
100%
US Open 2015LostNovak Djokovic
97%
Wimbledon 2015LostNovak Djokovic
97%
US Open 2007WonNovak Djokovic
97%
Wimbledon 2014LostNovak Djokovic
97%
Australian Open 2010WonAndy Murray
92%
Wimbledon 2012WonAndy Murray
92%
US Open 2008WonAndy Murray
92%
Wimbledon 2009WonAndy Roddick
80%
Wimbledon 2005WonAndy Roddick
80%
Wimbledon 2004WonAndy Roddick
79%
US Open 2009LostJuan Martin del Potro
78%
US Open 2006WonAndy Roddick
77%
Wimbledon 2017WonMarin Cilic
77%
Australian Open 2018WonMarin Cilic
77%
US Open 2005WonAndre Agassi
74%
US Open 2004WonLleyton Hewitt
64%
Roland Garros 2009WonRobin Soderling
61%
Australian Open 2004WonMarat Safin
56%
Wimbledon 2003WonMark Philippoussis
36%
Australian Open 2006WonMarcos Baghdatis
35%
Australian Open 2007WonFernando Gonzalez
30%

Score Distribution

Percentile by Number Answered

Percent of People with Each Score

Your Score History

You have not taken this quiz since the last reset